家畜保健衛生所のある市町村 - Statistics

General Stats
  • This quiz has been taken 42 times
  • The average score is 79 of 197
Answer Stats
Hint Answer 備考 % Correct
北海道 札幌市 石狩家畜保健衛生所
93%
青森県 青森市 〇〇家畜保健衛生所
93%
旭川市 上川家畜保健衛生所
85%
仙台市 〇〇家畜保健衛生所
81%
秋田市 中央家畜保健衛生所
81%
山形県 山形市 中央家畜保健衛生所
81%
釧路市 〇〇家畜保健衛生所
78%
福島市 県北家畜保健衛生所
78%
函館市 渡島家畜保健衛生所
74%
茨城県 水戸市 県北家畜保健衛生所
74%
群馬県 前橋市 中部家畜保健衛生所 | 家畜衛生研究所
74%
横浜市 県央家畜保健衛生所東部出張所
74%
長野市 〇〇家畜保健衛生所
74%
岐阜県 岐阜市 中央家畜保健衛生所 | 中央家畜保健衛生所病性鑑定分室
74%
津市 中央家畜保健衛生所
74%
むつ市 〇〇家畜保健衛生所
70%
千葉県 千葉市 中央家畜保健衛生所
70%
新潟県 新潟市 中央家畜保健衛生所
70%
石川県 金沢市 南部家畜保健衛生所
70%
福井県 福井市 〇〇県家畜保健衛生所
70%
奥州市 県南家畜保健衛生所
67%
栃木県 宇都宮市 県央家畜保健衛生所
67%
富山県 富山市 東部家畜保健衛生所
67%
和歌山県 和歌山市 紀北家畜保健衛生所
67%
岡山県 岡山市 〇〇家畜保健衛生所
67%
山口市 中部家畜保健衛生所
67%
下関市 西部家畜保健衛生所
67%
八戸市 〇〇家畜保健衛生所
63%
埼玉県 さいたま市 中央家畜保健衛生所
63%
兵庫県 姫路市 〇〇家畜保健衛生所
63%
鳥取県 鳥取市 〇〇家畜保健衛生所
63%
徳島県 徳島市 〇〇家畜保健衛生所
63%
宮崎県 宮崎市 〇〇家畜保健衛生所
63%
岩見沢市 空知家畜保健衛生所
59%
北見市 網走家畜保健衛生所
59%
帯広市 十勝家畜保健衛生所
59%
松本市 〇〇家畜保健衛生所
59%
熊本県 熊本市 中央家畜保健衛生所
59%
大分県 大分市 〇〇家畜保健衛生所
59%
つがる市 〇〇家畜保健衛生所
56%
登米市 東部家畜保健衛生所
56%
佐賀県 佐賀市 中央家畜保健衛生所
56%
阿蘇市 〇〇家畜保健衛生所
56%
十和田市 〇〇家畜保健衛生所
52%
大崎市 北部家畜保健衛生所
52%
新庄市 最上家畜保健衛生所
52%
会津若松市 会津家畜保健衛生所
52%
上越市 上越家畜保健衛生所
52%
豊田市 中央家畜保健衛生所〇〇加茂支所
52%
高島市 滋賀県家畜保健衛生所北西部支所
52%
福知山市 中丹家畜保健衛生所
52%
島根県 松江市 〇〇家畜保健衛生所
52%
福岡県 福岡市 中央家畜保健衛生所
52%
秋田県 北秋田市 北部家畜保健衛生所
48%
大仙市 南部家畜保健衛生所
48%
高崎市 西部家畜保健衛生所
48%
太田市 東部家畜保健衛生所
48%
浜松市 西部家畜保健衛生所
48%
高山市 飛騨家畜保健衛生所
48%
岡崎市 中央家畜保健衛生所
48%
三重県 四日市市 北勢家畜保健衛生所
48%
津山市 〇〇家畜保健衛生所
48%
萩市 北部家畜保健衛生所
48%
長崎県 諫早市 中央家畜保健衛生所
48%
佐世保市 県北家畜保健衛生所
48%
土浦市 県南家畜保健衛生所
44%
熊谷市 〇〇家畜保健衛生所
44%
松阪市 南勢家畜保健衛生所
44%
倉吉市 〇〇家畜保健衛生所
44%
広島県 東広島市 西部家畜保健衛生所
44%
福山市 東部家畜保健衛生所
44%
宇和島市 南予家畜保健衛生所〇〇支所
44%
島原市 県南家畜保健衛生所
44%
江差町 檜山家畜保健衛生所
41%
倶知安町 後志家畜保健衛生所
41%
新ひだか町 日高家畜保健衛生所
41%
岩手県 滝沢市 中央家畜保健衛生所
41%
豊橋市 東部家畜保健衛生所
41%
熊野市 紀州家畜保健衛生所
41%
滋賀県 近江八幡市 滋賀県家畜保健衛生所
41%
出雲市 〇〇家畜保健衛生所 | 農畜産課家畜病性鑑定室
41%
益田市 〇〇家畜保健衛生所
41%
今治市 東予家畜保健衛生所〇〇支所
41%
高知県 土佐市 中央家畜保健衛生所
41%
四万十市 西部家畜保健衛生所
41%
五島市 〇〇家畜保健衛生所
41%
都城市 〇〇家畜保健衛生所
41%
延岡市 〇〇家畜保健衛生所
41%
登別市 胆振家畜保健衛生所
37%
別海町 根室家畜保健衛生所
37%
南相馬市 相双家畜保健衛生所
37%
栃木市 県南家畜保健衛生所
37%
那須塩原市 県北家畜保健衛生所
37%
平塚市 湘南家畜保健衛生所
37%
飯田市 〇〇家畜保健衛生所
37%
七尾市 北部家畜保健衛生所
37%
南丹市 〇〇家畜保健衛生所
37%
南あわじ市 淡路家畜保健衛生所
37%
阿南市 徳島家畜保健衛生所〇〇支所
37%
壱岐市 〇〇家畜保健衛生所
37%
対馬市 〇〇家畜保健衛生所
37%
鹿屋市 肝属家畜保健衛生所
37%
沼田市 利根〇〇家畜保健衛生所
33%
川越市 〇〇家畜保健衛生所
33%
大島町 〇〇支所
33%
八丈町 〇〇支所
33%
神奈川県 海老名市 県央家畜保健衛生所
33%
佐渡市 中央家畜保健衛生所〇〇支所
33%
新発田市 下越家畜保健衛生所
33%
砺波市 西部家畜保健衛生所
33%
美濃加茂市 中濃家畜保健衛生所
33%
春日井市 西部家畜保健衛生所尾張支所
33%
新城市 東部家畜保健衛生所〇〇設楽支所
33%
伊賀市 中央家畜保健衛生所〇〇支所
33%
奈良県 大和郡山市 奈良家畜保健衛生所業務第一課
33%
庄原市 北部家畜保健衛生所
33%
山口県 柳井市 東部家畜保健衛生所
33%
三豊市 西部家畜保健衛生所西讃支所
33%
八幡浜市 南予家畜保健衛生所
33%
久留米市 両筑家畜保健衛生所
33%
武雄市 西部家畜保健衛生所
33%
浜頓別町 宗谷家畜保健衛生所
30%
筑西市 県西家畜保健衛生所
30%
山梨県 笛吹市 東部家畜保健衛生所
30%
那智勝浦町 紀南家畜保健衛生所東牟婁支所
30%
高梁市 〇〇家畜保健衛生所
30%
吉野川市 西部家畜保健衛生所
30%
善通寺市 西部家畜保健衛生所
30%
愛媛県 西条市 東予家畜保健衛生所
30%
東温市 中予家畜保健衛生所 | 家畜病性鑑定所
30%
唐津市 北部家畜保健衛生所
30%
人吉市 城南家畜保健衛生所
30%
奄美市 鹿児島中央家畜保健衛生所大島支所
30%
薩摩川内市 北薩家畜保健衛生所
30%
沖縄県 名護市 北部家畜保健衛生所
30%
幌延町 留萌家畜保健衛生所
26%
南陽市 置賜家畜保健衛生所
26%
三川町 庄内家畜保健衛生所
26%
鴨川市 南部家畜保健衛生所
26%
長野県 佐久市 〇〇家畜保健衛生所
26%
島田市 中部家畜保健衛生所
26%
恵那市 東濃家畜保健衛生所
26%
与謝野町 丹後家畜保健衛生所
26%
御所市 奈良家畜保健衛生所業務第二課
26%
隠岐の島町 松江家畜保健衛生所〇〇支所
26%
天草市 〇〇家畜保健衛生所
26%
宇佐市 〇〇家畜保健衛生所
26%
南九州市 南薩家畜保健衛生所
26%
宮古島市 宮古家畜保健衛生所
26%
石垣市 八重山家畜保健衛生所
26%
宮城県 大河原町 〇〇家畜保健衛生所
22%
鉾田市 鹿行家畜保健衛生所
22%
中之条町 吾妻家畜保健衛生所
22%
東金市 東部家畜保健衛生所
22%
三宅村 〇〇支所
22%
韮崎市 西部家畜保健衛生所
22%
伊那市 〇〇家畜保健衛生所
22%
静岡県 函南町 東部家畜保健衛生所
22%
能登町 北部家畜保健衛生所〇〇支所
22%
土庄町 東部家畜保健衛生所小豆支所
22%
香美市 中央家畜保健衛生所香長支所
22%
山鹿市 城北家畜保健衛生所
22%
軽米町 県北家畜保健衛生所
19%
香取市 北部家畜保健衛生所
19%
東京都 日の出町 東京都家畜保健衛生所
19%
魚沼市 中越家畜保健衛生所
19%
京都府 城陽市 山城家畜保健衛生所
19%
川本町 〇〇家畜保健衛生所
19%
東みよし町 西部家畜保健衛生所〇〇庁舎
19%
香川県 三木町 東部家畜保健衛生所
19%
豊後大野市 〇〇家畜保健衛生所
19%
鹿児島県 日置市 鹿児島中央家畜保健衛生所
19%
志布志市 曽於家畜保健衛生所
19%
福島県 玉川村 中央家畜保健衛生所
15%
佐倉市 病理生化学課 細菌ウイルス課
15%
大阪府 泉佐野市 大阪府家畜保健衛生所
15%
朝来市 〇〇家畜保健衛生所
15%
上富田町 紀南家畜保健衛生所
15%
伯耆町 西部家畜保健衛生所
15%
矢掛町 井笠家畜保健衛生所
15%
四万十町 西部家畜保健衛生所高南支所
15%
嘉麻市 北部家畜保健衛生所
15%
姶良市 〇〇家畜保健衛生所
15%
愛知県 武豊町 西部家畜保健衛生所
11%
田野町 中央家畜保健衛生所〇〇支所
11%
土佐町 中央家畜保健衛生所嶺北支所
11%
中種子町 鹿児島中央家畜保健衛生所熊毛支所
11%
徳之島町 鹿児島中央家畜保健衛生所〇〇支所
11%
うるま市 家畜衛生試験場
11%
檮原町 西部家畜保健衛生所〇〇支所
7%
玖珠町 〇〇家畜保健衛生所
7%
南城市 中央家畜保健衛生所
7%
筑後市 〇〇家畜保健衛生所
4%
No matching quizzes found
Score Distribution
Percent of People with Each Score
Percentile by Number Answered
Your Score History
You have not taken this quiz